[Event "2. BUNDESLIGA MITTE 2018/2019"]
[Site "Grieskirchen, Friedberg/Sauwald, St. Veit, Deutschlandsberg"]
[Date "2018.10.20"]
[Round "2"]
[Board "2"]
[White "Reichmann, Egon"]
[Black "Ftacnik, Lubomir"]
[Result "0-1"]
[WhiteElo "2215"]
[BlackElo "2513"]
[PlyCount "60"]
[EventDate "2018.10.19"]
[EventType "team"]
[EventRounds "11"]
[EventCountry "AUT"]
[WhiteTeam "SC Die Klagenfurter"]
[BlackTeam "SC Pinggau-Friedberg"]

1. d4 Nf6 2. Nf3 g6 3. c4 Bg7 4. Nc3 d5 5. h4 c6 6. cxd5 cxd5 7. Bf4 Nc6 8. e3
O-O 9. Qb3 b6 10. Be2 Bb7 11. O-O e6 12. Ne5 Na5 13. Qa4 a6 14. Rfc1 b5 15. Qb4
Re8 16. Nb1 Bf8 17. Qe1 Nc4 18. b3 Nxe5 19. Bxe5 Nd7 20. Bg3 e5 21. Qd2 Bh6 22.
dxe5 Nxe5 23. Rc5 Qb6 24. Rc2 Rad8 25. Qb4 d4 26. exd4 Nc6 27. Rxc6 Bxc6 28.
Be5 f6 29. Bc4+ Kg7 30. Bd6 Qxd4  0-1

[Event "2. BUNDESLIGA MITTE 2018/2019"]
[Site "Grieskirchen, Friedberg/Sauwald, St. Veit, Deutschlandsberg"]
[Date "2018.10.20"]
[Round "2"]
[Board "3"]
[White "Milanovic, Danilo"]
[Black "Petschar, Kurt"]
[Result "1-0"]
[WhiteElo "2493"]
[BlackElo "2239"]
[PlyCount "113"]
[EventDate "2018.10.19"]
[EventType "team"]
[EventRounds "11"]
[EventCountry "AUT"]
[WhiteTeam "SC Pinggau-Friedberg"]
[BlackTeam "SC Die Klagenfurter"]

1. d4 d5 2. Bf4 Nf6 3. e3 c5 4. c3 Nc6 5. Nd2 Bf5 6. Qb3 Qc8 7. a4 e6 8. Be2 h6
9. h3 Be7 10. Ngf3 a6 11. a5 O-O 12. Qa2 Qd7 13. O-O Rfd8 14. Rac1 Bd6 15. Bxd6
Qxd6 16. Rfd1 Rac8 17. Nb3 cxd4 18. exd4 Nd7 19. Ne1 Ne7 20. Nd3 Ng6 21. Bf1 h5
22. Ndc5 Nxc5 23. Nxc5 Qe7 24. b4 h4 25. Qd2 Rc7 26. Re1 Qf6 27. g4 hxg3 28.
fxg3 Nf8 29. Qf4 Qe7 30. Bg2 Qd6 31. Qf2 Nd7 32. Re3 Nxc5 33. bxc5 Qd7 34. Qb2
Qe7 35. Rce1 Rdd7 36. Re5 Qf6 37. Qf2 Qg6 38. Qf4 Bd3 39. Qh4 Qf6 40. Qg4 g6
41. Qd1 Bc4 42. h4 Rc6 43. h5 Kf8 44. Qd2 gxh5 45. Rxh5 Ke7 46. Rh6 Qg7 47. Qf4
Rd8 48. Rb1 Bb5 49. Bf1 Rg8 50. Bxb5 axb5 51. Rxb5 Qxg3+ 52. Qxg3 Rxg3+ 53. Kf2
Rxc3 54. Rxb7+ Kf8 55. Rf6 Rd3 56. Rfxf7+ Kg8 57. Rfc7  1-0

[Event "2. BUNDESLIGA MITTE 2018/2019"]
[Site "Grieskirchen, Friedberg/Sauwald, St. Veit, Deutschlandsberg"]
[Date "2018.10.20"]
[Round "2"]
[Board "4"]
[White "Titz, Heimo"]
[Black "Schnider, Gert"]
[Result "0-1"]
[WhiteElo "2116"]
[BlackElo "2424"]
[PlyCount "180"]
[EventDate "2018.10.19"]
[EventType "team"]
[EventRounds "11"]
[EventCountry "AUT"]
[WhiteTeam "SC Die Klagenfurter"]
[BlackTeam "SC Pinggau-Friedberg"]

1. Nf3 d5 2. c4 e6 3. d4 Nf6 4. Nc3 dxc4 5. e3 a6 6. Bxc4 b5 7. Bd3 Bb7 8. O-O
c5 9. dxc5 Bxc5 10. Qe2 O-O 11. a4 b4 12. Nb1 Qd5 13. Nbd2 Rd8 14. Bc4 Qh5 15.
h3 Nbd7 16. Nb3 Bd6 17. Nfd4 Qg6 18. f4 a5 19. Nb5 Be7 20. N3d4 Be4 21. b3 Nb6
22. f5 exf5 23. Qf2 Nxc4 24. bxc4 Bc5 25. Nb3 Bf8 26. Bb2 Nh5 27. Be5 Rd3 28.
Nd2 Rxe3 29. Nxe4 Rxe4 30. Bc7 f4 31. c5 Rc4 32. Bd6 Re8 33. Rfe1 Rce4 34. Bxf8
Rxf8 35. Nd6 Re6 36. Rad1 Ng3 37. Kh2 Ne4 38. Nxe4 Rxe4 39. Rxe4 Qxe4 40. Rd4
Qe5 41. Rc4 Rc8 42. Qf3 g6 43. c6 Qd6 44. Kg1 h6 45. Kf1 Rc7 46. Kg1 g5 47. Qe4
Qe6 48. Qxe6 fxe6 49. Rc5 Kf7 50. Rxa5 Rxc6 51. Rb5 Rc1+ 52. Kf2 Rb1 53. a5 Rb3
54. a6 Ra3 55. Rb7+ Kf6 56. a7 b3 57. Rxb3 Rxa7 58. Kf3 Kf5 59. Rb8 Ra3+ 60.
Kf2 Ra6 61. Rf8+ Kg6 62. Re8 Ra2+ 63. Kf3 Ra3+ 64. Kf2 Re3 65. Rg8+ Kf7 66. Rh8
Kg7 67. Rc8 h5 68. Rc5 Kf6 69. Rc8 h4 70. Rf8+ Ke5 71. Rb8 Rg3 72. Rg8 Kf6 73.
Rf8+ Kg7 74. Re8 Kf7 75. Rb8 e5 76. Rb6 e4 77. Rb5 e3+ 78. Kf1 Kf6 79. Rb6+ Ke5
80. Rb5+ Kd4 81. Rb4+ Kd3 82. Rb3+ Kc4 83. Rb8 e2+ 84. Kxe2 Rxg2+ 85. Kf1 Rg3
86. Rg8 Kd4 87. Kf2 Ke4 88. Re8+ Kf5 89. Rf8+ Kg6 90. Rg8+ Kf7  0-1

[Event "2. BUNDESLIGA MITTE 2018/2019"]
[Site "Grieskirchen, Friedberg/Sauwald, St. Veit, Deutschlandsberg"]
[Date "2018.10.20"]
[Round "2"]
[Board "6"]
[White "Opietnik, Christoph"]
[Black "Danner, Georg"]
[Result "1/2-1/2"]
[WhiteElo "2081"]
[BlackElo "2330"]
[PlyCount "82"]
[EventDate "2018.10.19"]
[EventType "team"]
[EventRounds "11"]
[EventCountry "AUT"]
[WhiteTeam "SC Die Klagenfurter"]
[BlackTeam "SC Pinggau-Friedberg"]

1. e4 c5 2. Nf3 d6 3. d4 cxd4 4. Nxd4 Nf6 5. Nc3 Nc6 6. Be2 Nxd4 7. Qxd4 g6 8.
e5 dxe5 9. Qxe5 Bg7 10. Be3 O-O 11. Rd1 Bd7 12. O-O Ng4 13. Qg3 Nxe3 14. Qxe3
Bxc3 15. Qxc3 Qc8 16. Qxc8 Bxc8 17. Bf3 Rb8 18. Rfe1 Be6 19. Bd5 Bxd5 20. Rxd5
Rfd8 21. Red1 Rxd5 22. Rxd5 Rc8 23. c3 Rc7 24. Kf1 h5 25. h4 f6 26. Ke2 Kf7 27.
Kd3 e5 28. c4 Ke6 29. b3 Kf5 30. g3 Ke6 31. Ke3 a6 32. a4 Rc6 33. a5 b6 34. f4
exf4+ 35. gxf4 bxa5 36. Rxa5 Rb6 37. f5+ gxf5 38. Kf4 Rxb3 39. Rxa6+ Kf7 40.
Kxf5 Rf3+ 41. Ke4 Rh3  1/2-1/2

[Event "2. BUNDESLIGA MITTE 2018/2019"]
[Site "Grieskirchen, Friedberg/Sauwald, St. Veit, Deutschlandsberg"]
[Date "2018.10.20"]
[Round "2"]
[Board "1"]
[White "Schachinger, Mario"]
[Black "Huber, Martin Christian"]
[Result "1-0"]
[WhiteElo "2396"]
[BlackElo "2325"]
[PlyCount "81"]
[EventDate "2018.10.19"]
[EventType "team"]
[EventRounds "11"]
[EventCountry "AUT"]
[WhiteTeam "Frauental"]
[BlackTeam "Schachfreunde Graz"]

1. d4 Nf6 2. c4 g6 3. Nc3 Bg7 4. e4 d6 5. Be2 O-O 6. Bg5 c6 7. Qd2 a6 8. Nf3 b5
9. a3 Bg4 10. cxb5 axb5 11. O-O Nbd7 12. Rad1 Qb6 13. Qe3 Bxf3 14. Bxf3 e5 15.
dxe5 Qxe3 16. Bxe3 dxe5 17. g4 h6 18. h4 Rad8 19. g5 hxg5 20. hxg5 Nh7 21. Na2
Rfe8 22. Nb4 Nb8 23. Rxd8 Rxd8 24. Rc1 Bf8 25. Nxc6 Nxc6 26. Rxc6 Be7 27. Rb6
Nxg5 28. Bxg5 Bxg5 29. Rxb5 Rd2 30. Kf1 Rc2 31. Bd1 Rc4 32. a4 Rd4 33. Bb3 Rxe4
34. a5 Bd2 35. a6 Re1+ 36. Kg2 Ra1 37. Rb6 Kg7 38. Bd5 Be1 39. Kf3 Ra4 40. Ke2
Ra1 41. Rb7  1-0

[Event "2. BUNDESLIGA MITTE 2018/2019"]
[Site "Grieskirchen, Friedberg/Sauwald, St. Veit, Deutschlandsberg"]
[Date "2018.10.20"]
[Round "2"]
[Board "2"]
[White "Kravanja, Georg"]
[Black "Cigan, Stefan"]
[Result "1/2-1/2"]
[WhiteElo "2284"]
[BlackElo "2318"]
[PlyCount "68"]
[EventDate "2018.10.19"]
[EventType "team"]
[EventRounds "11"]
[EventCountry "AUT"]
[WhiteTeam "Schachfreunde Graz"]
[BlackTeam "Frauental"]

1. d4 Nf6 2. c4 g6 3. Nc3 d5 4. cxd5 Nxd5 5. Nf3 Bg7 6. Qb3 Nxc3 7. bxc3 c5 8.
e3 O-O 9. Be2 Nc6 10. O-O b6 11. Rd1 Na5 12. Qa3 Qc7 13. Bd2 Be6 14. Be1 Bc4
15. Bxc4 Nxc4 16. Qb3 Nd6 17. Bd2 Rfc8 18. Bc1 Ne4 19. Nd2 Nxd2 20. Rxd2 cxd4
21. cxd4 Qc3 22. Qxc3 Rxc3 23. Bb2 Rc4 24. Rc1 Rxc1+ 25. Bxc1 Rc8 26. Bb2 e6
27. Kf1 Bf8 28. a3 b5 29. Ke2 b4 30. a4 b3 31. Kd1 Rc4 32. Rd3 Rxa4 33. Rxb3
Rb4 34. Kc2 f5  1/2-1/2

[Event "2. BUNDESLIGA MITTE 2018/2019"]
[Site "Grieskirchen, Friedberg/Sauwald, St. Veit, Deutschlandsberg"]
[Date "2018.10.20"]
[Round "2"]
[Board "3"]
[White "Steiner, Stefan"]
[Black "Teuschler, Barbara"]
[Result "1-0"]
[WhiteElo "2319"]
[BlackElo "2203"]
[PlyCount "87"]
[EventDate "2018.10.19"]
[EventType "team"]
[EventRounds "11"]
[EventCountry "AUT"]
[WhiteTeam "Frauental"]
[BlackTeam "Schachfreunde Graz"]

1. Nf3 Nf6 2. c4 b6 3. g3 Bb7 4. Bg2 g6 5. O-O Bg7 6. d4 O-O 7. Qc2 Be4 8. Qd2
Bb7 9. Nc3 Ne4 10. Nxe4 Bxe4 11. b3 c5 12. Bb2 cxd4 13. Bxd4 Bb7 14. Bxg7 Kxg7
15. Rfd1 d6 16. e4 Qc7 17. Qd4+ Kg8 18. Qe3 Kg7 19. Nd4 Nd7 20. Qg5 Nf6 21.
Nf5+ Kg8 22. Nxd6 h6 23. Qh4 exd6 24. Qxf6 Rae8 25. Qf4 Kh7 26. Rd4 Re6 27. Bh3
Re7 28. Rad1 Rfe8 29. f3 f5 30. exf5 g5 31. Qxd6 Qxd6 32. Rxd6 Bxf3 33. f6 Re5
34. Rf1 g4 35. Bg2 Rf5 36. Bxf3 gxf3 37. Rd3 Rxf6 38. Rdxf3 Rxf3 39. Rxf3 Kg6
40. Kf2 Rd8 41. Ke2 Rd7 42. a3 Re7+ 43. Kd2 Kg5 44. b4  1-0

[Event "2. BUNDESLIGA MITTE 2018/2019"]
[Site "Grieskirchen, Friedberg/Sauwald, St. Veit, Deutschlandsberg"]
[Date "2018.10.20"]
[Round "2"]
[Board "4"]
[White "Domarkaite, Laima"]
[Black "Ebner, Hubert"]
[Result "0-1"]
[WhiteElo "2110"]
[BlackElo "2243"]
[PlyCount "138"]
[EventDate "2018.10.19"]
[EventType "team"]
[EventRounds "11"]
[EventCountry "AUT"]
[WhiteTeam "Schachfreunde Graz"]
[BlackTeam "Frauental"]

1. e4 {[%emt 0:00:00]} c5 {[%emt 0:00:00]} 2. c3 {[%emt 0:00:00]} d5 3. exd5
Qxd5 4. d4 Nf6 5. Nf3 Bg4 6. Be2 e6 7. h3 Bh5 8. Be3 cxd4 9. Qxd4 Nc6 10. Qa4
Bc5 11. Bxc5 Qxc5 12. O-O O-O 13. Nbd2 a6 14. Rfd1 Rfd8 15. Ne4 Nxe4 16. Qxe4
Qb6 17. b3 Qa5 18. Qc2 h6 19. Qb2 e5 20. b4 Qb6 21. Nh4 Bxe2 22. Qxe2 Rxd1+ 23.
Rxd1 Rd8 24. Nf5 Kh7 25. a4 g6 26. Ne3 Rxd1+ 27. Qxd1 Qc7 28. Qd5 Kg7 29. Nc4
f6 30. b5 axb5 31. axb5 Nd8 32. b6 Qe7 33. Na5 h5 34. g3 e4 35. Nc4 Nc6 36. Qd6
Kf7 37. Qc7 Ke6 38. Kf1 f5 39. Qc8+ Kd5 40. Ne3+ Kc5 41. h4 Qf7 42. Qc7 Qxc7
43. bxc7 Ne7 44. c4 Nc8 45. Ke2 Kd6 46. Nd5 b5 47. Nf4 bxc4 48. Kd2 Kxc7 49.
Nxg6 Kd6 50. Nf4 Kc5 51. Nxh5 Nd6 52. Nf4 Kd4 53. Ne2+ Kd5 54. h5 Ke5 55. Kc3
Kf6 56. Kd4 Kg5 57. Nf4 Kh6 58. Kd5 c3 59. Kd4 c2 60. Ne2 Kxh5 61. Ke3 Kg4 62.
Kd2 Kf3 63. Ke1 Nb5 64. Kf1 e3 65. fxe3 Kxe3 66. Nc1 Kd2 67. Nb3+ Kd1 68. Kf2
Nd4 69. Nxd4 c1=Q  0-1

[Event "2. BUNDESLIGA MITTE 2018/2019"]
[Site "Grieskirchen, Friedberg/Sauwald, St. Veit, Deutschlandsberg"]
[Date "2018.10.20"]
[Round "2"]
[Board "5"]
[White "Krebs, Johann"]
[Black "Eder, Matthias"]
[Result "0-1"]
[WhiteElo "2196"]
[BlackElo "2166"]
[PlyCount "60"]
[EventDate "2018.10.19"]
[EventType "team"]
[EventRounds "11"]
[EventCountry "AUT"]
[WhiteTeam "Frauental"]
[BlackTeam "Schachfreunde Graz"]

1. d4 Nf6 2. c4 g6 3. Nc3 Bg7 4. e4 d6 5. Be2 O-O 6. Nf3 e5 7. O-O Nc6 8. d5
Ne7 9. Ne1 Nd7 10. Be3 f5 11. f3 f4 12. Bf2 g5 13. Rc1 Ng6 14. c5 Nxc5 15. b4
Na6 16. Nb5 Bd7 17. a4 h5 18. Nd3 Bh6 19. Rc3 Rf7 20. Kh1 Rg7 21. Nxa7 Nf8 22.
b5 Nc5 23. Nxc5 dxc5 24. b6 cxb6 25. Nb5 g4 26. Ra3 g3 27. Bg1 Bh3 28. Re1
Bxg2+ 29. Kxg2 gxh2+ 30. Kh1 hxg1=Q+  0-1

[Event "2. BUNDESLIGA MITTE 2018/2019"]
[Site "Grieskirchen, Friedberg/Sauwald, St. Veit, Deutschlandsberg"]
[Date "2018.10.20"]
[Round "2"]
[Board "6"]
[White "Kristoferitsch, Daniel"]
[Black "Khalakhan, Jurij"]
[Result "0-1"]
[WhiteElo "1992"]
[BlackElo "2279"]
[PlyCount "78"]
[EventDate "2018.10.19"]
[EventType "team"]
[EventRounds "11"]
[EventCountry "AUT"]
[WhiteTeam "Schachfreunde Graz"]
[BlackTeam "Frauental"]

1. d4 Nf6 2. c4 g6 3. Nc3 Bg7 4. e4 d6 5. Nf3 O-O 6. Be2 e5 7. O-O Nc6 8. d5
Ne7 9. b4 Nh5 10. Re1 f5 11. Ng5 Nf6 12. Bf3 c6 13. a4 h6 14. Ne6 Bxe6 15. dxe6
fxe4 16. Bxe4 d5 17. Bd3 e4 18. Bf1 Qd6 19. cxd5 cxd5 20. Nb5 Qxe6 21. Be3 Rad8
22. Bxa7 h5 23. Rc1 Ng4 24. h3 Ne5 25. Be3 Nf5 26. Bg5 Rd7 27. Rc5 Nc6 28. Qd2
Kh7 29. Rd1 d4 30. Bc4 Qe8 31. Bd5 e3 32. fxe3 dxe3 33. Qe1 e2 34. Rd2 Ng3 35.
Bf3 Ne5 36. Nc7 Rxf3 37. Nxe8 Rf1+ 38. Kh2 Rxe1 39. Kxg3 Rd1  0-1

[Event "2. BUNDESLIGA MITTE 2018/2019"]
[Site "Grieskirchen, Friedberg/Sauwald, St. Veit, Deutschlandsberg"]
[Date "2018.10.21"]
[Round "3"]
[Board "1"]
[White "Kociscak, Jiri"]
[Black "Leisch, Lukas"]
[Result "1/2-1/2"]
[WhiteElo "2496"]
[BlackElo "2338"]
[PlyCount "115"]
[EventDate "2018.10.19"]
[EventType "team"]
[EventRounds "11"]
[EventCountry "AUT"]
[WhiteTeam "SV Steyregg"]
[BlackTeam "Freistadt/Wartberg"]

1. d4 d5 2. c4 c6 3. Nc3 Nf6 4. e3 e6 5. Nf3 Nbd7 6. Bd3 dxc4 7. Bxc4 b5 8. Be2
Bb7 9. e4 b4 10. e5 bxc3 11. exf6 Nxf6 12. bxc3 Bd6 13. Rb1 Qc7 14. Qa4 O-O 15.
Ba3 Rfb8 16. Bxd6 Qxd6 17. Qa5 Qd5 18. Qc7 Ne8 19. Qe5 c5 20. O-O cxd4 21. Qxd4
Qxa2 22. Bc4 Qa5 23. Ne5 Qc7 24. Rfe1 Rd8 25. Qf4 Bd5 26. Bxd5 Rxd5 27. c4 Rdd8
28. Qf3 Nd6 29. Rbc1 Nf5 30. c5 Rd5 31. Qe4 Rc8 32. c6 Nd4 33. f4 Qd6 34. Red1
f6 35. Nc4 Qxf4 36. Qxf4 Ne2+ 37. Kf1 Nxf4 38. Rxd5 Nxd5 39. Nd6 Ra8 40. c7
Nxc7 41. Rxc7 a5 42. Re7 e5 43. Nf5 g6 44. Nh6+ Kh8 45. Ng4 Ra6 46. Rf7 Kg8 47.
Rxf6 Rxf6+ 48. Nxf6+ Kg7 49. Nd5 a4 50. Ke2 a3 51. Nc3 Kf6 52. Kf3 h5 53. Ke4
Ke6 54. g3 Kf6 55. h3 Ke6 56. Na2 Kf6 57. Nc1 Ke6 58. Na2  1/2-1/2

[Event "2. BUNDESLIGA MITTE 2018/2019"]
[Site "Grieskirchen, Friedberg/Sauwald, St. Veit, Deutschlandsberg"]
[Date "2018.10.21"]
[Round "3"]
[Board "2"]
[White "Koller, Hans-Juergen"]
[Black "Velicka, Petr"]
[Result "0-1"]
[WhiteElo "2163"]
[BlackElo "2430"]
[PlyCount "74"]
[EventDate "2018.10.19"]
[EventType "team"]
[EventRounds "11"]
[EventCountry "AUT"]
[WhiteTeam "Freistadt/Wartberg"]
[BlackTeam "SV Steyregg"]

1. Nf3 {[%emt 0:00:00]} d5 2. c4 d4 3. b4 g6 4. Bb2 Bg7 5. Qa4+ c6 6. g3 e5 7.
d3 Ne7 8. Bg2 O-O 9. O-O a5 10. Nbd2 Nd7 11. c5 Nd5 12. a3 b5 13. cxb6 N7xb6
14. Qxc6 Bd7 15. Qc5 Qb8 16. Nc4 Rc8 17. Nxb6 Nxb6 18. Qe7 Ra7 19. Rac1 Re8 20.
Qh4 axb4 21. axb4 Ra2 22. Rb1 Na4 23. Bc1 Nc3 24. Bh6 Nxb1 25. Rxb1 f6 26. Bxg7
Kxg7 27. Qe4 Qb6 28. b5 Rc2 29. e3 Bf5 30. Qd5 dxe3 31. fxe3 Rd8 32. Qb3 Qxe3+
33. Kh1 Rxg2 34. Kxg2 Qe2+ 35. Kg1 Qxf3 36. b6 Bxd3 37. Rd1 Qe3+  0-1

[Event "2. BUNDESLIGA MITTE 2018/2019"]
[Site "Grieskirchen, Friedberg/Sauwald, St. Veit, Deutschlandsberg"]
[Date "2018.10.21"]
[Round "3"]
[Board "3"]
[White "Enoeckl, Philipp"]
[Black "Mayerhofer, Peter"]
[Result "1/2-1/2"]
[WhiteElo "2291"]
[BlackElo "2181"]
[PlyCount "63"]
[EventDate "2018.10.19"]
[EventType "team"]
[EventRounds "11"]
[EventCountry "AUT"]
[WhiteTeam "SV Steyregg"]
[BlackTeam "Freistadt/Wartberg"]

1. b3 {[%emt 0:00:00]} f5 2. Bb2 e6 3. e4 Nf6 4. e5 Nd5 5. c4 Nb6 6. f4 c5 7.
Nf3 Nc6 8. Nc3 a6 9. g3 Be7 10. Bg2 O-O 11. O-O d6 12. Ne2 d5 13. d3 d4 14. a3
a5 15. Ne1 Bd7 16. Nc2 Qc7 17. Qd2 Rfd8 18. Rfb1 Be8 19. Bf3 a4 20. b4 Nxc4 21.
dxc4 d3 22. Bc3 Rac8 23. b5 dxe2 24. Qxe2 Nd4 25. Nxd4 cxd4 26. Bb4 d3 27. Qe3
Bc5 28. Bxc5 Qxc5 29. Qxc5 Rxc5 30. Rb4 Rd4 31. Rd1 Rcxc4 32. Rxc4  1/2-1/2

[Event "2. BUNDESLIGA MITTE 2018/2019"]
[Site "Grieskirchen, Friedberg/Sauwald, St. Veit, Deutschlandsberg"]
[Date "2018.10.21"]
[Round "3"]
[Board "4"]
[White "Rechberger, Franz"]
[Black "Meyer, Gordon"]
[Result "1/2-1/2"]
[WhiteElo "2115"]
[BlackElo "2206"]
[PlyCount "107"]
[EventDate "2018.10.19"]
[EventType "team"]
[EventRounds "11"]
[EventCountry "AUT"]
[WhiteTeam "Freistadt/Wartberg"]
[BlackTeam "SV Steyregg"]

1. e4 c5 2. Nf3 d6 3. d4 cxd4 4. Nxd4 Nf6 5. Nc3 a6 6. Bg5 e6 7. f4 Be7 8. Qf3
Qc7 9. O-O-O Nbd7 10. g4 b5 11. Bxf6 Nxf6 12. g5 Nd7 13. f5 Nc5 14. g6 hxg6 15.
fxg6 fxg6 16. Qg3 O-O 17. Qxg6 Bf6 18. Bg2 b4 19. Nd5 exd5 20. e5 Ne4 21. exf6
Rxf6 22. Qe8+ Rf8 23. Qh5 Qf7 24. Qxf7+ Rxf7 25. Rhf1 Rxf1 26. Rxf1 Bd7 27. h4
Re8 28. Rf4 Re5 29. Bf1 a5 30. Bb5 Bxb5 31. Nxb5 Ng3 32. Rg4 Nf1 33. Rd4 Re1+
34. Rd1 Rxd1+ 35. Kxd1 Ne3+ 36. Ke2 Nf5 37. c3 bxc3 38. Nxc3 Nxh4 39. Nxd5 Kf7
40. b4 axb4 41. Nxb4 Ke6 42. a4 Kd7 43. Kf2 Kc7 44. Kg3 Ng6 45. Kg4 Ne7 46. a5
Kb8 47. Nc2 Kb7 48. Ne3 Ka6 49. Kg5 Kb5 50. a6 Kxa6 51. Nc4 d5 52. Ne3 d4 53.
Nc2 d3 54. Nb4+  1/2-1/2

[Event "2. BUNDESLIGA MITTE 2018/2019"]
[Site "Grieskirchen, Friedberg/Sauwald, St. Veit, Deutschlandsberg"]
[Date "2018.10.21"]
[Round "3"]
[Board "5"]
[White "Wiesinger, Robert"]
[Black "Traunwieser, Georg"]
[Result "1-0"]
[WhiteElo "2233"]
[BlackElo "2102"]
[PlyCount "59"]
[EventDate "2018.10.19"]
[EventType "team"]
[EventRounds "11"]
[EventCountry "AUT"]
[WhiteTeam "SV Steyregg"]
[BlackTeam "Freistadt/Wartberg"]

1. e4 e5 2. Nf3 Nc6 3. d4 exd4 4. Nxd4 Nf6 5. Nxc6 bxc6 6. e5 Qe7 7. Qe2 Nd5 8.
c4 Nb6 9. Nc3 Qe6 10. Qe4 d5 11. exd6 Qxe4+ 12. Nxe4 cxd6 13. Bd2 Be6 14. Rc1
h6 15. Bd3 Be7 16. O-O O-O 17. Bb4 Rfd8 18. Ba3 f5 19. Ng3 g6 20. Rfe1 Kf7 21.
Ne2 Bg5 22. Rc2 c5 23. b3 Re8 24. Nc3 a6 25. Rd1 Be7 26. Be2 Rac8 27. Bb2 Rc7
28. Bf3 Bc8 29. Bc1 g5 30. Bh5+  1-0

[Event "2. BUNDESLIGA MITTE 2018/2019"]
[Site "Grieskirchen, Friedberg/Sauwald, St. Veit, Deutschlandsberg"]
[Date "2018.10.21"]
[Round "3"]
[Board "6"]
[White "Postlmayer, Jakob"]
[Black "Holzleithner, Johannes"]
[Result "1/2-1/2"]
[WhiteElo "2137"]
[BlackElo "1968"]
[PlyCount "112"]
[EventDate "2018.10.19"]
[EventType "team"]
[EventRounds "11"]
[EventCountry "AUT"]
[WhiteTeam "Freistadt/Wartberg"]
[BlackTeam "SV Steyregg"]

1. b3 d5 2. Bb2 Nf6 3. e3 c5 4. Nf3 e6 5. c4 Nc6 6. cxd5 exd5 7. Bb5 Bd7 8. O-O
Be7 9. d3 O-O 10. Nbd2 Rc8 11. Bxc6 Bxc6 12. Ne5 Nd7 13. Nxd7 Qxd7 14. Nf3 f6
15. Rc1 b6 16. Rc3 Bb7 17. Qe2 Bd6 18. d4 Rc7 19. Rfc1 Rfc8 20. Ba3 Qe6 21. h3
Qe4 22. Qc2 Qxc2 23. R1xc2 Kf7 24. Nd2 cxd4 25. Rxc7+ Bxc7 26. Rc1 dxe3 27.
fxe3 Be5 28. Nf3 Rxc1+ 29. Bxc1 Bg3 30. Nd4 Kg6 31. b4 Bd6 32. Bd2 Kf7 33. Kf2
a6 34. g4 Bc8 35. Kf3 g6 36. h4 Bd7 37. g5 Ba4 38. e4 dxe4+ 39. Kxe4 Bg3 40. h5
gxh5 41. Ne2 Bc6+ 42. Kf5 Bd7+ 43. Ke4 Bd6 44. gxf6 Kxf6 45. Nf4 Bc6+ 46. Ke3
Kg5 47. Nh3+ Kg4 48. Nf2+ Kg3 49. Be1 Kg2 50. Nd3 Bg3 51. Nf4+ Kh2 52. Bxg3+
Kxg3 53. Nxh5+ Kh4 54. Nf6 h6 55. Kf4 a5 56. bxa5 bxa5  1/2-1/2

[Event "2. BUNDESLIGA MITTE 2018/2019"]
[Site "Grieskirchen, Friedberg/Sauwald, St. Veit, Deutschlandsberg"]
[Date "2018.10.21"]
[Round "3"]
[Board "1"]
[White "Gonda, Laszlo"]
[Black "Schmidt, Peter"]
[Result "1/2-1/2"]
[WhiteElo "2530"]
[BlackElo "2399"]
[PlyCount "69"]
[EventDate "2018.10.19"]
[EventType "team"]
[EventRounds "11"]
[EventCountry "AUT"]
[WhiteTeam "ASK St.Valentin"]
[BlackTeam "SPG Sauwald"]

1. Nf3 d5 2. g3 g6 3. Bg2 Bg7 4. d4 Nh6 5. Nbd2 Nf5 6. c3 Nd6 7. O-O Nd7 8. e4
dxe4 9. Ng5 Nf6 10. Ndxe4 Nfxe4 11. Nxe4 Nxe4 12. Bxe4 O-O 13. Bg5 c6 14. Qb3
Qc7 15. a4 Be6 16. Qa3 Rfe8 17. a5 Bd5 18. Rfe1 e6 19. Bf4 Qd8 20. Qb4 Bxe4 21.
Rxe4 Qd7 22. Rae1 Rad8 23. Qc5 a6 24. Bg5 Bf8 25. Qb6 Be7 26. h4 Rc8 27. Bxe7
Qxe7 28. Re5 Qc7 29. Qxc7 Rxc7 30. Ra1 Rd8 31. Rc5 Rd5 32. Rxd5 exd5 33. Ra4
Kf8 34. Kf1 Re7 35. b3  1/2-1/2

[Event "2. BUNDESLIGA MITTE 2018/2019"]
[Site "Grieskirchen, Friedberg/Sauwald, St. Veit, Deutschlandsberg"]
[Date "2018.10.21"]
[Round "3"]
[Board "2"]
[White "Renner, Christoph"]
[Black "Sandhoefner, Florian"]
[Result "1/2-1/2"]
[WhiteElo "2317"]
[BlackElo "2310"]
[PlyCount "62"]
[EventDate "2018.10.19"]
[EventType "team"]
[EventRounds "11"]
[EventCountry "AUT"]
[WhiteTeam "SPG Sauwald"]
[BlackTeam "ASK St.Valentin"]

1. e4 c5 2. Nf3 d6 3. g3 Nc6 4. Bg2 Nf6 5. Nc3 e6 6. O-O Be7 7. d4 cxd4 8. Nxd4
Bd7 9. Be3 a6 10. a4 O-O 11. h3 Rc8 12. f4 Qc7 13. Nb3 Na5 14. Nxa5 Qxa5 15.
Qd2 Kh8 16. g4 Bc6 17. b4 Qc7 18. g5 Nd7 19. Rf2 b6 20. Ne2 Bb7 21. c3 Qc4 22.
Bd4 e5 23. fxe5 dxe5 24. Be3 Rc7 25. Raf1 Kg8 26. Ng3 g6 27. Rc1 Qb3 28. Qd1
Qxd1+ 29. Rxd1 Bc6 30. Ra2 b5 31. a5 f6  1/2-1/2

[Event "2. BUNDESLIGA MITTE 2018/2019"]
[Site "Grieskirchen, Friedberg/Sauwald, St. Veit, Deutschlandsberg"]
[Date "2018.10.21"]
[Round "3"]
[Board "3"]
[White "Hajnal, Zoltan"]
[Black "Testor, Sebastian"]
[Result "1-0"]
[WhiteElo "2402"]
[BlackElo "2293"]
[PlyCount "50"]
[EventDate "2018.10.19"]
[EventType "team"]
[EventRounds "11"]
[EventCountry "AUT"]
[WhiteTeam "ASK St.Valentin"]
[BlackTeam "SPG Sauwald"]

1. e4 e6 2. d4 d5 3. Nc3 Nf6 4. e5 Nfd7 5. f4 c5 6. Nf3 Nc6 7. Be3 Be7 8. Qd2
O-O 9. dxc5 Bxc5 10. O-O-O Qa5 11. a3 Be7 12. h4 a6 13. Bd3 Re8 14. Kb1 Qc7 15.
Ng5 Nf8 16. Qe2 h6 17. Qh5 Nd8 18. Bd4 Bc5 19. Bxc5 Qxc5 20. Rh3 Bd7 21. Nce4
dxe4 22. Nxe4 Qe7 23. Nd6 Kh8 24. g3 g6 25. Bxg6 Nxg6  1-0

[Event "2. BUNDESLIGA MITTE 2018/2019"]
[Site "Grieskirchen, Friedberg/Sauwald, St. Veit, Deutschlandsberg"]
[Date "2018.10.21"]
[Round "3"]
[Board "4"]
[White "Taggatz, Mario"]
[Black "Heimberger, Reinhard"]
[Result "1-0"]
[WhiteElo "2210"]
[BlackElo "2235"]
[PlyCount "117"]
[EventDate "2018.10.19"]
[EventType "team"]
[EventRounds "11"]
[EventCountry "AUT"]
[WhiteTeam "SPG Sauwald"]
[BlackTeam "ASK St.Valentin"]

1. d4 d5 2. Bf4 Nf6 3. e3 b6 4. Nf3 Bb7 5. c3 Nbd7 6. Nbd2 g6 7. Be2 Bg7 8. h3
O-O 9. O-O Ne4 10. Nxe4 dxe4 11. Nd2 e5 12. Bh2 exd4 13. cxd4 c5 14. Bd6 Re8
15. dxc5 Bxb2 16. Rb1 Bc3 17. Nc4 Qf6 18. Qc2 Bd5 19. Rfc1 Bxc4 20. Bxc4 bxc5
21. Bd5 Rad8 22. Bc7 Rc8 23. Rb7 Be5 24. Bxe5 Nxe5 25. Rxa7 Red8 26. Bxe4 c4
27. Qc3 Qd6 28. Ra5 Nd3 29. Rd1 Qb6 30. Rd5 Rxd5 31. Bxd5 Rc5 32. Be4 Qb2 33.
Rxd3 Qb1+ 34. Kh2 Qb8+ 35. f4 cxd3 36. Qxc5 d2 37. Qc2 Qd6 38. Bd3 Qb4 39. Kg3
g5 40. fxg5 Kg7 41. Kf2 Qh4+ 42. g3 Qxh3 43. Qxd2 Qh2+ 44. Ke1 Qxg3+ 45. Qf2
Qxg5 46. Kf1 Qc5 47. Qe2 Qc1+ 48. Kf2 Qa1 49. Bc4 f6 50. Bb3 Qe5 51. Qg4+ Kf8
52. Qg8+ Ke7 53. Qxh7+ Kd6 54. Qd3+ Ke7 55. Qd4 Qh2+ 56. Ke1 Qg2 57. Qa7+ Kd8
58. Qb6+ Kd7 59. Qxf6  1-0